00481 a2200145 450000100060000008200120000609000170001810000400003524500860007526000270016130000110018894200220019999900190022195200950024092306 aPR 2542 c44261d44262 aHasnain Ahmad; Noman Riaz , advisor aAvionics system design of pakistan next generation fighter aircraft NGFAn78 B EC aRawalpindibNUSTc2015 a155 p. aCAE NUSTkPR 2542 c327379d327379 001040708NFICaCAEbCAEd2017-04-03l0oPR 2542pCAEPR-2542r2017-04-05w2017-04-05yBK